000 00725nam a2200241Ia 4500
003 OSt
005 20221005133600.0
006 a|||||r|||| 00| 0
007 ta
008 221004b |||||||| |||| 00| 0 eng d
020 _c1250
024 _a92930
037 _b415, 23/03/2009, Swaraj Prakashan
_cTextual
040 _aCRL
_cCRL
_beng
041 _2eng
_aeng
082 _aO9v5, 152P3
100 _aतिवारी, अजय
245 0 _aपश्चिम का काव्य विचार
246 _aPashchim kā kāvya vichāra
260 _c2003
942 _hO9v5, 152P3
_cTEXL
_2cc
999 _c1067278
_d1067278